Κοινωνιολογία της εκπαίδευσης / (Record no. 9986)
[ view plain ]
| 000 -LEADER | |
|---|---|
| fixed length control field | 03365nam a22002537a 4500 |
| 003 - ΤΑΥΤΟΤΗΤΑ ΤΟΥ ΑΡΙΘΜΟΥ ΕΛΕΓΧΟΥ | |
| Πεδίο ελέγχου | GR-AtMCL |
| 005 - ΗΜΕΡΟΜΗΝΙΑ ΚΑΙ ΩΡΑ ΤΕΛΕΥΤΑΙΑΣ ΕΝΗΜΕΡΩΣΗΣ | |
| Πεδίο ελέγχου | 20251210111753.0 |
| 006 - FIXED-LENGTH DATA ELEMENTS--ADDITIONAL MATERIAL CHARACTERISTICS | |
| Πεδίο ελέγχου σταθερού μήκους | a|||||r||||||||||| |
| 008 - FIXED-LENGTH DATA ELEMENTS--GENERAL INFORMATION | |
| Πεδίο ελέγχου σταθερού μήκους | s2025 gr |||||||||||||||||gre|d |
| 020 ## - ISBN | |
| ISBN | 9789606358494 |
| 040 ## - ΠΗΓΗ ΚΑΤΑΛΟΓΟΓΡΑΦΗΣΗΣ | |
| Φορέας πρωτότυπης καταλογογράφησης | MC Athens Campus Library |
| Γλώσσα καταλογογράφησης | Ελληνικά, Μοντέρνα (1453-) |
| Modifying agency | MC Athens Campus Library |
| 041 1# - ΓΛΩΣΣΑ | |
| Κωδικός γλώσσας πρωτότυπου | Αγγλικά |
| 100 ## - MAIN ENTRY--PERSONAL NAME | |
| Personal name | Boronski, Tomas |
| 9 (RLIN) | 10176 |
| 240 10 - ΟΜΟΙΟΜΟΡΦΟΣ ΤΙΤΛΟΣ | |
| Ομοιόμορφος τίτλος | Sociology of education. |
| 245 10 - ΤΙΤΛΟΣ ΚΑΙ ΔΗΛΩΣΗ ΥΠΕΥΘΥΝΟΤΗΤΑΣ | |
| Τίτλος | Κοινωνιολογία της εκπαίδευσης / |
| Statement of responsibility, etc. | Tomas Boronski, Nasima Hassan ; μετάφραση Ιωάννα Βραχωρίτου ; επιστημονική επιμέλεια Χρήστος Ζάγκος |
| 264 #1 - PRODUCTION, PUBLICATION, DISTRIBUTION, MANUFACTURE, AND COPYRIGHT NOTICE | |
| Place of production, publication, distribution, manufacture | Αθήνα : |
| Name of producer, publisher, distributor, manufacturer | Πεδίο, |
| Date of production, publication, distribution, manufacture, or copyright notice | 2025 |
| 300 ## - PHYSICAL DESCRIPTION | |
| Extent | 504 σ.; |
| Διαστάσεις | 24 εκ. |
| 520 ## - SUMMARY, ETC. | |
| Summary, etc. | Το εγχειρίδιο αυτό εισάγει τον αναγνώστη στις βασικές αρχές της κοινωνιολογίας και εξηγεί γιατί η κοινωνιολογική σκέψη είναι ζωτικής σημασίας για την κατανόηση του τρόπου με τον οποίο έχουν αναπτυχθεί, στο πέρασμα του χρόνου, οι ποικίλες ιδέες για την παιδεία και τη σχολική εκπαίδευση, και πώς με τη σειρά τους τα ζητήματα αυτά επηρεάζουν άμεσα τη ζωή μας σήμερα. Ενθαρρύνει τους φοιτητές να σκεφτούν κριτικά πάνω σε ζητήματα της εκπαίδευσης που εγείρουν έντονη δημόσια συζήτηση και να αναζητήσουν τους παράγοντες που επιδρούν στη διαμόρφωση των αντιτιθέμενων απόψεων.<br/>Η παρούσα έκδοση περιλαμβάνει:<br/>- Μελέτες περίπτωσης σε κάθε κεφάλαιο.<br/>- Ένα κεφάλαιο αφιερωμένο στις πρώιμες μεθοδολογικές προσεγγίσεις στην κοινωνιολογική έρευνα και ένα που εστιάζει στην κοινωνική τάξη και την κοινωνική κινητικότητα.<br/>- Εκτεταμένη κάλυψη των πρόσφατων εκπαιδευτικών πολιτικών, καθώς και των ζητημάτων της παιδικής φτώχειας, του πολιτικού εξτρεμισμού και της εκπαιδευτικής πολιτικής των δημόσιων και των ιδιωτικών σχολείων.<br/>- Εξέταση της κριτικής παιδαγωγικής, της «φυλής» και του φύλου, καθώς και του ρόλου της εκπαίδευσης σε μια πολυπολιτισμική κοινωνία.<br/>Το βιβλίο αυτό συνιστά απαραίτητο ανάγνωσμα για προπτυχιακούς φοιτητές Κοινωνικών Επιστημών και Επιστημών της Αγωγής, και ενδείκνυται για μαθήματα κοινωνιολογίας που αφορούν εκπαιδευτικά θέματα. |
| 650 #0 - SUBJECT ADDED ENTRY--TOPICAL TERM | |
| Topical term or geographic name entry element | Εκπαίδευση και κοινωνία |
| 9 (RLIN) | 10177 |
| 650 #0 - SUBJECT ADDED ENTRY--TOPICAL TERM | |
| Topical term or geographic name entry element | Εκπαίδευση |
| 9 (RLIN) | 9953 |
| 700 ## - ΠΡΟΣΘΕΤΗ ΑΝΑΓΡΑΦΗ--ΦΥΣΙΚΟ ΠΡΟΣΩΠΟ | |
| Personal name | Hassan, Nasima |
| 9 (RLIN) | 10178 |
| 942 ## - ADDED ENTRY ELEMENTS (KOHA) | |
| Koha item type | Books |
| Τύπος τεκμηρίου | Βιβλιοθήκη | Τρέχουσα τοποθεσία | Barcode | Αριθμός εισαγωγής | Ημερομηνία απόκτησης | Ταξιθετικό σύμβολο | Αριθμός αντιτύπου | Κατάσταση απόσυρσης | Κατάσταση χαμένου | Κατάσταση κατεστραμμένου | Μη δανεισμός | Σύνολο δανεισμών | Ημερομηνία τελευταίας εμφάνισης | Η τιμή ισχύει από |
|---|---|---|---|---|---|---|---|---|---|---|---|---|---|---|
| Books | MC Athens Campus Library | MC Athens Campus Library | 9780000099884 | 8187 | 10/12/2025 | 306.43 BOR | 1 | 10/12/2025 | 10/12/2025 |